| 000 | 00355cam a22001331 4500 | ||
|---|---|---|---|
| 040 | _cODaWU | ||
| 082 | _a574 APP 1955 A084 Or. | ||
| 100 | 1 | _aGaul, Albro Tilton. | |
| 245 | 1 | 4 | _aThe wonderful world of the seashore. |
| 260 |
_aNew York, _bAppleton-Century-Crofts _c[1955] |
||
| 300 |
_a247 p. _billus. _c22 cm. |
||
| 650 | 0 | _aSeashore biology. | |
| 942 | _cEK | ||
| 999 |
_c16276 _d16276 |
||